Neurociencia, ťica y derechos humanos

Detalles Bibliográficos
Autor principal: Ruiz Martn̕ez-Caąvate, Manuel
Formato: eBook
Lenguaje:español
Publicado: Madrid: Dykinson, 2022
Materias:
Acceso en línea:Acceso restringido

MARC

LEADER 00000nam a22000007a 4500
005 20220720015522.0
007 cr|||| ||||
008 220720s2022 es |||||s|||| 00||0 spa d
020 |a 978-84-1122-151-1 
035 |a 36475 
040 |a vLex 
090 |c 13624  |d 13624 
100 1 |a Ruiz Martn̕ez-Caąvate, Manuel 
245 1 0 |a Neurociencia, ťica y derechos humanos  |h [Recurso electrn̤ico] /  |c Manuel Ruiz Martn̕ez-Caąvate 
256 |a Servicio en ln̕ea 
260 |a Madrid:  |b Dykinson,  |c 2022 
300 |a 1 recurso electrn̤ico 
500 |a ¿Los modernos avances neurocientf̕icos entraąn algn︢ riesgo de afectacin̤ a derechos fundamentales como la intimidad o la integridad fs̕ica o moral? ¿Existen tčnicas neurocientf̕icas aplicables hoy al campo del Derecho? ¿En qu ̌cambia la mirada neurocientf̕ica nuestra manera de comprender y configurar la Ética y el Derecho? La presente obra busca ofrecer una razonada respuesta a muchas de estas cuestiones, analizando el impacto del fenm̤eno neurocientf̕ico en los procesos de gestacin̤ y resolucin̤ de los dilemas ťicos, as ̕como su influencia en la esfera jurd̕ica en toda su extensin̤. “La colaboracin̤ recp̕roca entre las respectivas aportaciones de la Neurociencia (...) y el Derecho (...) representa una actualizacin̤ de la dialčtica secular entre los planos del Ser y el Deber Ser (...) el desarrollo de medios neurotecnolg̤icos, aplicados al m̀bito de la prueba en el proceso judicial, es reflejo vivo de una opcin̤ estratǧica por la interdisciplinariedad, que ya ofrece fecundos resultados en sistemas procesales especf̕icos, como es el caso de Estados Unidos e India y, en menor medida, en otros pas̕es europeos, entre ellos Espaą.” “La Neuroťica posibilita una redimensin̤ de la moralidad a partir del valor troncal de los valores, superando la normatividad ťica cls̀ica”. 
506 1 |a Disponible solo en los productos indicados  |d vLex Global  |d vLex Global (Academic Edition, excluding Law Schools)  |d vLex Global (U.S. Academic Edition, Law Schools)  |d vLex Global (U.S. Academic Edition, excluding Law Schools)  |d vLex Global (Academic Edition, Law Schools) 
650 0 4 |a Biologa̕ y biotecnologa̕  |z Espaą 
650 0 4 |a Derecho Militar  |z Espaą 
650 0 4 |a Filosofa̕ y religin̤  |z Espaą 
740 0 |a vLex Libros (Servicio en ln̕ea) 
856 4 0 |u https://app.vlex.com/#/sources/36475  |z Acceso restringido 
942 |c BOOK 
999 0 |a Biology and biotechnology 
999 0 |a Military Law 
999 0 |a Philosophy and religion